| 000 | 01063naa a2200253 c 4500 | ||
|---|---|---|---|
| 001 | 46875 | ||
| 003 | ES-MaCES | ||
| 005 | 20160125124840.0 | ||
| 008 | 160104s2015 sp ||||| t||||||| ||spa d | ||
| 040 |
_aES-MaCES _bspa _cES-MaCES _dES-MaCES |
||
| 100 | 1 |
_918942 _aMontoya Melgar, Alfredo |
|
| 245 | 1 | 3 |
_aLa reforma laboral ante el Tribunal Constitucional _cAlfredo Montoya Melgar |
| 650 | 4 |
_928292 _amercado de trabajo |
|
| 650 | 4 |
_927166 _alegislación del trabajo |
|
| 650 | 4 |
_929892 _areforma legislativa |
|
| 650 | 4 |
_927158 _aderecho constitucional |
|
| 650 | 4 |
_927194 _atribunal constitucional |
|
| 650 | 4 |
_928624 _ajurisprudencia |
|
| 653 | 1 | 0 | _aDerecho del trabajo y Seguridad Social |
| 610 | 1 | 4 |
_92999 _aEspaña _tLey de medidas urgentes para la reforma del mercado laboral _d2012 |
| 773 | 0 |
_983808 _dMadrid (Ignacio Ellacuría, 3, 28017) Civitas _o086710 _tNueva revista española de Derecho del trabajo _w(ES-MaCES)25060 _gn. 180 (oct. 2015) {10040 R. 086710} ;p. 15-26 |
|
| 902 | _aART Artículo de revista | ||
| 942 |
_2CES _cAR _h6.0.1. |
||
| 999 |
_c46875 _d46875 |
||